| 000 | 00432nam a22001457a 4500 | ||
|---|---|---|---|
| 005 | 20130405105146.0 | ||
| 020 |
_a81859703 _c495.00 |
||
| 037 | _bDBAD/PUB | ||
| 245 |
_aGarden Planet in Colour : _bhouse planet / _cby T.K. Bose...at.al. |
||
| 260 |
_aKolkatta _bParth Sankar Basu _cc2003 |
||
| 270 |
_a206, Bindhari Sarai _bKolkatta _e700006 |
||
| 300 |
_a174p. _bcol.ill. _c25cm(Hb) |
||
| 500 | _aIt include index | ||
| 942 |
_2ddc _cEN _mBOS |
||
| 999 |
_c74232 _d74232 |
||